| 000 | 00674cam a22002413a 4500 | ||
|---|---|---|---|
| 001 | 29676 | ||
| 003 | PGUSA | ||
| 005 | 20140828083636.0 | ||
| 008 | 090812s2009||||xxu|||||s|||||000 1 eng d | ||
| 040 |
_aPGUSA _beng |
||
| 042 | _adc | ||
| 100 | 1 | _aBlade, Zoë | |
| 245 | 1 | 0 |
_aIdentity _h[electronic resource] / _cZoë Blade |
| 260 |
_bProject Gutenberg, _c2009 |
||
| 506 | _aCopyrighted. Read the copyright notice inside this book for details. | ||
| 516 | _aElectronic text | ||
| 653 | _aScience fiction | ||
| 653 | _aShort stories | ||
| 700 | 1 | _aFrikki, Aiko | |
| 830 | 0 |
_aProject Gutenberg _v29676 |
|
| 856 | 4 | 0 | _uhttp://www.gutenberg.org/ebooks/29676 |
| 942 | _cEB | ||
| 999 |
_c258931 _d258931 |
||